Laddar...

ROCK ART AND MEGALITHS, MARAIYUR, KERALA

Bibliografiska uppgifter
Huvudupphovsman: NIHILDAS
Materialtyp: Printed Book
Publicerad: DELHI B.R. PUBLISHING CORPORATION 2018
Ämnen:
LEADER 00636nam a2200229 4500
020 |c 0.0 
082 |a 934.83 NIH 
100 |a NIHILDAS 
245 |a ROCK ART AND MEGALITHS, MARAIYUR, KERALA  |h ENGLISH 
250
260 |a DELHI  |b B.R. PUBLISHING CORPORATION  |c 2018 
300
500 |a   
501 |a Rock Art 
538
590
630
650 |a ROCK ART AND MEGALITHS-- MARAIYUR-- KERALA 
700
942 |c BK 
999 |c 180605  |d 180605 
952 |0 0  |1 0  |4 0  |6 934_830000000000000_NIH  |7 0  |9 193968  |a AGY  |b AGY  |g 0.00  |l 0  |o 934.83 NIH  |p AGY4815  |r 2019-10-25  |w 2019-10-25  |y BK